[Event "Alberta-ch"]
[Site "Edmonton CAN"]
[Date "1997.03.27"]
[Round "1"]
[White "Huber, Gregory"]
[Black "Grumic, Sasha"]
[Result "1/2-1/2"]
[WhiteElo "2365"]
[BlackElo "2245"]
[PlyCount "114"]
[GameId "2160767911966218"]
[EventDate "1997.03.27"]
[EventType "tourn"]
[EventRounds "7"]
[EventCountry "CAN"]

1. e4 g6 2. d4 d6 3. Nc3 c6 4. f4 Bg7 5. Nf3 d5 6. e5 h5 7. Be2 Nh6 8. Be3 Bf5 9. Qd2 Nd7 10. h3 Nf8 11. O-O-O b5 12. Rdg1 a5 13. Kd1 Ne6 14. Ng5 h4 15. Bf2 a4 16. Ke1 Ng8 17. Nd1 Nxg5 18. fxg5 e6 19. c3 Ne7 20. Qf4 b4 21. Bxh4 a3 22. cxb4 axb2 23. Nxb2 Rxa2 24. Nd1 Qb6 25. Kf1 Qxb4 26. Be1 Qb3 27. Qe3 Qc2 28. g4 Be4 29. Rh2 O-O 30. Rf2 c5 31. Nc3 cxd4 32. Qxd4 Nc6 33. Qb6 Nxe5 34. Nxa2 Qxa2 35. Rg3 Qa1 36. Qb7 Ra8 37. Rc3 d4 38. Rc8+ Rxc8 39. Qxc8+ Kh7 40. Qa6 Qb1 41. Qb5 Qc2 42. Qb4 Nd3 43. Qd2 Nxf2 44. Qxc2 Bxc2 45. Kxf2 d3 46. Bf1 Bd4+ 47. Kf3 e5 48. Bd2 Bd1+ 49. Ke4 Be2 50. Bg2 Kg7 51. Bf3 Bf1 52. h4 Kf8 53. h5 gxh5 54. gxh5 Be2 55. Bxe2 dxe2 56. Kf3 Kg7 57. Kxe2 f5 1/2-1/2

[Event "Alberta-ch"]
[Site "Edmonton CAN"]
[Date "1997.03.27"]
[Round "1"]
[White "Ristovic, Nenad"]
[Black "Odachowski, Arthur"]
[Result "1-0"]
[WhiteElo "2340"]
[BlackElo "2240"]
[PlyCount "63"]
[GameId "2160767911966219"]
[EventDate "1997.03.27"]
[EventType "tourn"]
[EventRounds "7"]
[EventCountry "CAN"]

1. d4 g6 2. c4 Bg7 3. g3 d6 4. Bg2 Nd7 5. Nf3 Ngf6 6. O-O O-O 7. Nc3 c6 8. h3 e5 9. e4 Qb6 10. Re1 exd4 11. Nxd4 Ne8 12. Nde2 Qb4 13. Qb3 Qxb3 14. axb3 Nc5 15. b4 Nd3 16. Rd1 Nxb4 17. Bg5 f5 18. Ra4 Na6 19. b4 Rf7 20. Be3 Be6 21. exf5 gxf5 22. b5 cxb5 23. Nxb5 Nc5 24. Bxc5 dxc5 25. Nf4 Rd7 26. Rxd7 Bxd7 27. Bxb7 Rd8 28. Bd5+ Kh8 29. Rxa7 Be5 30. Nd3 Bd4 31. Nxd4 cxd4 32. Ne5 1-0

[Event "Alberta-ch"]
[Site "Edmonton CAN"]
[Date "1997.03.27"]
[Round "1"]
[White "Walker, Warrick"]
[Black "Frialde, Arniel"]
[Result "0-1"]
[WhiteElo "1970"]
[BlackElo "2290"]
[PlyCount "102"]
[GameId "2160767911966220"]
[EventDate "1997.03.27"]
[EventType "tourn"]
[EventRounds "7"]
[EventCountry "CAN"]

1. e4 g6 2. d4 d6 3. Nc3 Bg7 4. Bc4 c6 5. Qf3 e6 6. Nge2 Qe7 7. O-O Nd7 8. Bf4 e5 9. Bg5 Ngf6 10. a4 O-O 11. Qe3 h6 12. Bxf6 Nxf6 13. f4 exd4 14. Qxd4 d5 15. e5 dxc4 16. exf6 Bxf6 17. Qxc4 Bf5 18. Ng3 Bxc2 19. Nce2 Qe3+ 20. Kh1 Bd3 21. Qb3 Rad8 22. Rf3 Qd2 23. Rd1 Bxe2 24. Rxd2 Rxd2 25. Nxe2 Rxe2 26. h3 Rxb2 27. Qc4 Rd8 28. Rd3 Rxd3 29. Qxd3 Kg7 30. Qc4 a5 31. g4 Rb4 32. Qc5 Rxa4 33. g5 hxg5 34. fxg5 Bd4 35. Qd6 Rc4 36. h4 b5 37. h5 gxh5 38. Qh6+ Kg8 39. g6 fxg6 40. Qxg6+ Kf8 41. Qd6+ Ke8 42. Qb8+ Kd7 43. Qb7+ Ke6 44. Qc8+ Ke5 45. Qe8+ Kf4 46. Kg2 a4 47. Qf7+ Ke3 48. Qf3+ Kd2 49. Qf4+ Kc2 50. Kf1 a3 51. Ke2 a2 0-1

[Event "Alberta-ch"]
[Site "Edmonton CAN"]
[Date "1997.03.27"]
[Round "1"]
[White "Wu, Adam"]
[Black "Haessel, Dale"]
[Result "0-1"]
[WhiteElo "1930"]
[BlackElo "2300"]
[PlyCount "110"]
[GameId "2160767911966221"]
[EventDate "1997.03.27"]
[EventType "tourn"]
[EventRounds "7"]
[EventCountry "CAN"]

1. e4 c5 2. Nf3 d6 3. d4 cxd4 4. Nxd4 Nf6 5. Nc3 a6 6. f4 e5 7. Nf3 Nbd7 8. a4 Be7 9. Bd3 O-O 10. O-O Nc5 11. Kh1 d5 12. Qe1 dxe4 13. Bxe4 exf4 14. Bxf4 Be6 15. Rd1 Qe8 16. Nd4 Nfxe4 17. Nxe4 Bc4 18. Nd6 Bxd6 19. Bxd6 Bxf1 20. Qxf1 Nxa4 21. Bxf8 Qxf8 22. Qf3 Qb4 23. b3 Re8 24. Rf1 Rf8 25. c3 Qxc3 26. Qf4 Nc5 27. Rc1 Qd3 28. Rf1 Nxb3 29. Ne6 Nd2 30. Nxf8 Qxf1+ 31. Qxf1 Nxf1 32. Nd7 Ne3 33. Nc5 b5 34. Nxa6 f5 35. Kg1 Kf7 36. Kf2 Nd5 37. Ke2 Ke6 38. Nc5+ Ke5 39. Nb3 Nf4+ 40. Kf3 Ne6 41. Ke3 Kd5 42. g3 Kc4 43. Nd2+ Kc3 44. Nb1+ Kb2 45. Nd2 Kc2 46. h3 b4 47. Nc4 b3 48. Na3+ Kc1 49. Kd3 b2 50. Kc4 b1=Q 51. Nxb1 Kxb1 52. Kd5 f4 53. Ke4 fxg3 54. Kf3 Ng5+ 55. Kxg3 Nxh3 0-1

[Event "Alberta-ch"]
[Site "Edmonton CAN"]
[Date "1997.03.28"]
[Round "2"]
[White "Grumic, Sasha"]
[Black "Ristovic, Nenad"]
[Result "0-1"]
[WhiteElo "2245"]
[BlackElo "2340"]
[PlyCount "100"]
[GameId "2160767911966222"]
[EventDate "1997.03.27"]
[EventType "tourn"]
[EventRounds "7"]
[EventCountry "CAN"]

1. e4 e6 2. d3 d5 3. Nd2 Nf6 4. g3 Bc5 5. Bg2 Nc6 6. Ngf3 dxe4 7. dxe4 e5 8. O-O O-O 9. Qe2 a5 10. Nb3 Bd6 11. a4 b6 12. Rd1 Ba6 13. c4 Qc8 14. Bg5 Ne8 15. Rac1 Qe6 16. Qf1 f6 17. Be3 Qf7 18. Nh4 g6 19. f4 Ng7 20. Nd2 Rad8 21. b3 Bb4 22. Ndf3 Ne6 23. Rd5 Bc5 24. Bxc5 Nxc5 25. Qd1 exf4 26. gxf4 Qe7 27. Nd2 Nb4 28. Rc3 Nxd5 29. exd5 Rde8 30. Nhf3 Bc8 31. Nf1 Qe2 32. Qxe2 Rxe2 33. Nd4 Re1 34. Nb5 Re7 35. Ne3 Rfe8 36. Kf2 Bf5 37. d6 cxd6 38. Bd5+ Be6 39. Kf3 Rd8 40. Nd4 Bxd5+ 41. Nxd5 Re1 42. Nc6 Rf8 43. Nxb6 g5 44. f5 Rfe8 45. Nd5 Kg7 46. Nxa5 Rf1+ 47. Kg2 Rxf5 48. b4 Re2+ 49. Kh3 Ne4 50. Rb3 h5 0-1

[Event "Alberta-ch"]
[Site "Edmonton CAN"]
[Date "1997.03.28"]
[Round "2"]
[White "Haessel, Dale"]
[Black "Frialde, Arniel"]
[Result "1-0"]
[WhiteElo "2300"]
[BlackElo "2290"]
[PlyCount "129"]
[GameId "2160767911966223"]
[EventDate "1997.03.27"]
[EventType "tourn"]
[EventRounds "7"]
[EventCountry "CAN"]

1. e4 g6 2. d4 Bg7 3. Nc3 d6 4. Nge2 Nf6 5. g3 Bg4 6. Bg2 Qc8 7. h3 Bd7 8. Be3 Nc6 9. d5 Na5 10. Qd3 c5 11. f4 O-O 12. g4 b5 13. Nxb5 Rb8 14. Na3 Rxb2 15. Bd2 Qc7 16. O-O Rbb8 17. Bc3 Rfc8 18. Rab1 c4 19. Qe3 a6 20. Bd4 Bb5 21. Nc3 Qd7 22. Bb6 Nb7 23. Naxb5 axb5 24. Nxb5 Nc5 25. Nd4 Ra8 26. a3 Qa4 27. Nc6 Bf8 28. Rb4 Qxc2 29. Rc1 Qd3 30. Bxc5 dxc5 31. Qxc5 c3 32. Qxc3 Qxc3 33. Rxc3 e6 34. Rbc4 Re8 35. d6 e5 36. Rd3 Nd7 37. Nxe5 Nxe5 38. fxe5 Rxe5 39. d7 Rd8 40. Rc8 Be7 41. Rb3 Kg7 42. Rxd8 Bxd8 43. Rb8 Be7 44. d8=Q Bxd8 45. Rxd8 Ra5 46. Rd3 Kf6 47. Kf2 g5 48. Ke3 Ra4 49. Kd2 Ke5 50. Kc2 Ra7 51. Kb3 Rb7+ 52. Kc3 Rb1 53. a4 Ra1 54. a5 h5 55. Kb4 Ra2 56. Bf3 h4 57. Ra3 Rb2+ 58. Rb3 Ra2 59. Ra3 Rb2+ 60. Kc5 Rc2+ 61. Kb6 Rb2+ 62. Kc7 Rc2+ 63. Kd7 Rd2+ 64. Ke7 f6 65. a6 1-0

[Event "Alberta-ch"]
[Site "Edmonton CAN"]
[Date "1997.03.28"]
[Round "2"]
[White "Odachowski, Arthur"]
[Black "Walker, Warrick"]
[Result "1/2-1/2"]
[WhiteElo "2250"]
[BlackElo "1970"]
[PlyCount "44"]
[GameId "2160767911966224"]
[EventDate "1997.03.27"]
[EventType "tourn"]
[EventRounds "7"]
[EventCountry "CAN"]

1. d4 c5 2. e3 g6 3. Nf3 Bg7 4. Bd3 d5 5. c3 Qc7 6. Nbd2 cxd4 7. exd4 Nc6 8. O-O Nh6 9. Re1 O-O 10. Nf1 Bg4 11. Ne3 Rad8 12. Nxg4 Nxg4 13. h3 Nh6 14. Bg5 Kh8 15. Qd2 Ng8 16. Bf4 Qc8 17. Re2 f6 18. Rae1 Rde8 19. Bb5 g5 20. Bg3 h5 21. Re6 Bh6 22. Qd3 Kg7 1/2-1/2

[Event "Alberta-ch"]
[Site "Edmonton CAN"]
[Date "1997.03.28"]
[Round "2"]
[White "Wu, Adam"]
[Black "Huber, Gregory"]
[Result "1/2-1/2"]
[WhiteElo "1930"]
[BlackElo "2365"]
[PlyCount "71"]
[GameId "2160767911966225"]
[EventDate "1997.03.27"]
[EventType "tourn"]
[EventRounds "7"]
[EventCountry "CAN"]

1. e4 c5 2. Nf3 d6 3. d4 cxd4 4. Nxd4 Nf6 5. Nc3 a6 6. f4 Nbd7 7. Be2 e6 8. Be3 b5 9. O-O Bb7 10. Bf3 b4 11. e5 Bxf3 12. Qxf3 bxc3 13. exf6 cxb2 14. Rab1 Nxf6 15. Qc6+ Nd7 16. f5 e5 17. Ne6 fxe6 18. fxe6 Rc8 19. Qa4 Rb8 20. Rf7 Be7 21. Rxg7 Rf8 22. Rxh7 Qc7 23. exd7+ Qxd7 24. Qxa6 Qb5 25. Qxb5+ Rxb5 26. Bh6 Rf5 27. g4 Rf3 28. g5 Rb4 29. h4 Rg4+ 30. Kh2 Rf2+ 31. Kh3 Rb4 32. g6 Rxh4+ 33. Kg3 Rhh2 34. g7 Rhg2+ 35. Kh3 Rh2+ 36. Kg3 1/2-1/2

[Event "Alberta-ch"]
[Site "Edmonton CAN"]
[Date "1997.03.28"]
[Round "3"]
[White "Frialde, Arniel"]
[Black "Odachowski, Arthur"]
[Result "0-1"]
[WhiteElo "2290"]
[BlackElo "2250"]
[PlyCount "57"]
[GameId "2160767911966226"]
[EventDate "1997.03.27"]
[EventType "tourn"]
[EventRounds "7"]
[EventCountry "CAN"]

1. Nf3 d6 2. c4 g6 3. g3 Bg7 4. Bg2 Nd7 5. O-O Ngf6 6. d4 O-O 7. Nc3 c6 8. h3 e5 9. e4 Qb6 10. Rb1 exd4 11. Nxd4 Re8 12. Be3 Qb4 13. Qb3 a5 14. Nc2 Qxb3 15. axb3 Nc5 16. Bxc5 dxc5 17. f4 Nd7 18. Rbd1 Nf8 19. Rfe1 Ne6 20. e5 Ra6 21. Ne4 Rb6 22. Re3 a4 23. b4 Nd4 24. Nxd4 cxd4 25. Rxd4 Rxb4 26. Ra3 Be6 27. Bf1 b5 28. Rd2 Rb8 29. Nd6 0-1

[Event "Alberta-ch"]
[Site "Edmonton CAN"]
[Date "1997.03.28"]
[Round "3"]
[White "Huber, Gregory"]
[Black "Haessel, Dale"]
[Result "1-0"]
[WhiteElo "2360"]
[BlackElo "2300"]
[PlyCount "93"]
[GameId "2160767911966227"]
[EventDate "1997.03.27"]
[EventType "tourn"]
[EventRounds "7"]
[EventCountry "CAN"]

1. e4 c5 2. Nc3 d6 3. Nge2 a6 4. g3 g6 5. Bg2 Bg7 6. d4 cxd4 7. Nxd4 Nf6 8. O-O O-O 9. a4 Bd7 10. Bg5 Nc6 11. Nde2 h6 12. Bd2 Ne5 13. b3 Rc8 14. h3 Bc6 15. Ra2 e6 16. Be3 Qe7 17. Qd2 Kh7 18. Rd1 Ne8 19. Nd4 f5 20. Nxc6 bxc6 21. exf5 gxf5 22. Ne2 d5 23. Qa5 Qb7 24. Nf4 Nc7 25. Bd4 Nd7 26. Bxg7 Kxg7 27. Qc3+ Kh7 28. Nd3 Ne8 29. Re1 Rf6 30. Raa1 Nd6 31. Nc5 Nxc5 32. Qxf6 Qd7 33. b4 Nce4 34. Qd4 Rg8 35. c4 Nxc4 36. Rxe4 fxe4 37. Bxe4+ Rg6 38. Bxg6+ Kxg6 39. Qg4+ Kf6 40. Rd1 Qb7 41. Qh4+ Kg6 42. Rd4 Qxb4 43. Rf4 Qe1+ 44. Kg2 Qe5 45. Qg4+ Kh7 46. Rf7+ Kh8 47. Rf8+ 1-0

[Event "Alberta-ch"]
[Site "Edmonton CAN"]
[Date "1997.03.28"]
[Round "3"]
[White "Ristovic, Nenad"]
[Black "Wu, Adam"]
[Result "1/2-1/2"]
[WhiteElo "2340"]
[BlackElo "1930"]
[PlyCount "76"]
[GameId "2160767911966228"]
[EventDate "1997.03.27"]
[EventType "tourn"]
[EventRounds "7"]
[EventCountry "CAN"]

1. d4 Nf6 2. c4 g6 3. g3 Bg7 4. Bg2 d6 5. Nf3 O-O 6. Nc3 Nbd7 7. O-O e5 8. e4 c6 9. h3 Qb6 10. Re1 Re8 11. Re2 a5 12. Be3 exd4 13. Nxd4 Qa6 14. Rc2 Nc5 15. f3 Be6 16. Bf1 Nfd7 17. Bf2 Rad8 18. Nxe6 Rxe6 19. Nd5 Qa7 20. Nf4 Ree8 21. Qxd6 b6 22. Qd2 Ne5 23. Qe3 Qd7 24. Be2 Qe7 25. h4 Ned7 26. Qa3 Be5 27. Rd1 Qf6 28. Ng2 Ne6 29. Rcd2 Ndc5 30. Rxd8 Rxd8 31. Rxd8+ Qxd8 32. b4 axb4 33. Qxb4 Nd4 34. Bxd4 Qxd4+ 35. Kh2 Qf2 36. f4 Nxe4 37. Qe1 Qxe1 38. Nxe1 Bc3 1/2-1/2

[Event "Alberta-ch"]
[Site "Edmonton CAN"]
[Date "1997.03.28"]
[Round "3"]
[White "Walker, Warrick"]
[Black "Grumic, Sasha"]
[Result "0-1"]
[WhiteElo "1970"]
[BlackElo "2245"]
[PlyCount "61"]
[GameId "2160767911966229"]
[EventDate "1997.03.27"]
[EventType "tourn"]
[EventRounds "7"]
[EventCountry "CAN"]

1. e4 d6 2. d4 g6 3. c3 Bg7 4. f4 Nf6 5. e5 Nd5 6. Nf3 O-O 7. Bc4 c6 8. O-O Na6 9. Na3 Nac7 10. Nc2 c5 11. a4 b6 12. Bd3 e6 13. Qe2 Bb7 14. Ng5 Rc8 15. Ne4 Ne8 16. Rf3 Ne7 17. Rh3 c4 18. Bxc4 Bxe4 19. Bxe6 fxe6 20. Qxe4 Nd5 21. Ne1 Rc7 22. Nf3 Rcf7 23. g3 Ndc7 24. Bd2 dxe5 25. Nxe5 Bxe5 26. fxe5 Qd5 27. Qh4 Qf3 28. Bf4 Rd7 29. Rf1 Qe2 30. Rf2 Qe1+ 31. Kg2 0-1

[Event "Alberta-ch"]
[Site "Edmonton CAN"]
[Date "1997.03.29"]
[Round "4"]
[White "Grumic, Sasha"]
[Black "Frialde, Arniel"]
[Result "0-1"]
[WhiteElo "2245"]
[BlackElo "2290"]
[PlyCount "70"]
[GameId "2160767911966230"]
[EventDate "1997.03.27"]
[EventType "tourn"]
[EventRounds "7"]
[EventCountry "CAN"]

1. e4 g6 2. d4 Bg7 3. Nc3 c6 4. f4 d5 5. Nf3 Bg4 6. Be3 e6 7. Qd2 Bxf3 8. gxf3 Nd7 9. O-O-O b5 10. Bd3 f5 11. Rhg1 Bf8 12. Ne2 Nb6 13. h4 Qxh4 14. Ng3 Nc4 15. Bxc4 bxc4 16. Bf2 Qd8 17. Rde1 Kf7 18. exf5 exf5 19. Re5 Bd6 20. Rge1 Nf6 21. R1e2 Qd7 22. Qe1 Rab8 23. c3 a5 24. a3 Rb7 25. Rc2 Rhb8 26. Qe2 Qc8 27. Be3 Rxb2 28. Rxb2 Bxa3 29. Kb1 Rxb2+ 30. Qxb2 Bxb2 31. Kxb2 Qb7+ 32. Kc1 a4 33. Bf2 a3 34. Re2 Qb3 35. Be1 a2 0-1

[Event "Alberta-ch"]
[Site "Edmonton CAN"]
[Date "1997.03.29"]
[Round "4"]
[White "Haessel, Dale"]
[Black "Odachowski, Arthur"]
[Result "1-0"]
[WhiteElo "2300"]
[BlackElo "2250"]
[PlyCount "61"]
[GameId "2160767911966231"]
[EventDate "1997.03.27"]
[EventType "tourn"]
[EventRounds "7"]
[EventCountry "CAN"]

1. e4 c5 2. Nf3 Nc6 3. d4 cxd4 4. Nxd4 Nf6 5. Nc3 d6 6. Bg5 e6 7. Qd2 Be7 8. O-O-O O-O 9. Nb3 Qb6 10. f3 Rd8 11. h4 a6 12. Be3 Qc7 13. g4 b5 14. g5 Nd7 15. h5 Nde5 16. f4 Nc4 17. Bxc4 bxc4 18. Nd4 Nxd4 19. Bxd4 Rb8 20. g6 Qb7 21. b3 cxb3 22. axb3 fxg6 23. hxg6 h6 24. Bxg7 Kxg7 25. Rxh6 Kxh6 26. Qh2+ Kxg6 27. Rg1+ Kf7 28. Qh5+ Kf8 29. Qh8+ Kf7 30. Rg7+ Kf6 31. Qh6# 1-0

[Event "Alberta-ch"]
[Site "Edmonton CAN"]
[Date "1997.03.29"]
[Round "4"]
[White "Huber, Gregory"]
[Black "Ristovic, Nenad"]
[Result "0-1"]
[WhiteElo "2360"]
[BlackElo "2340"]
[PlyCount "45"]
[GameId "2160767911966232"]
[EventDate "1997.03.27"]
[EventType "tourn"]
[EventRounds "7"]
[EventCountry "CAN"]

1. d4 d5 2. Nf3 c6 3. Bf4 Qb6 4. Qc1 Bg4 5. Ne5 Bh5 6. e3 Nf6 7. Bd3 Nbd7 8. O-O e6 9. c4 Nxe5 10. Bxe5 Be7 11. Nc3 Bg6 12. Bxg6 hxg6 13. cxd5 cxd5 14. Bxf6 gxf6 15. Na4 Qb5 16. b3 Bd6 17. g3 Ke7 18. Kg2 Rac8 19. Qd2 Bb4 20. Qd1 Ba3 21. Qd2 Rc6 22. Nb2 Bb4 23. a4 0-1

[Event "Alberta-ch"]
[Site "Edmonton CAN"]
[Date "1997.03.29"]
[Round "4"]
[White "Wu, Adam"]
[Black "Walker, Warrick"]
[Result "0-1"]
[WhiteElo "1930"]
[BlackElo "1970"]
[PlyCount "112"]
[GameId "2160767911966233"]
[EventDate "1997.03.27"]
[EventType "tourn"]
[EventRounds "7"]
[EventCountry "CAN"]

1. d4 Nf6 2. c4 e6 3. Nf3 c5 4. e3 b6 5. g3 Bb7 6. Bg2 Be7 7. O-O O-O 8. Nc3 Qc8 9. Qe2 d6 10. e4 cxd4 11. Nxd4 Nc6 12. Nc2 a6 13. f4 Na5 14. Ne3 b5 15. cxb5 axb5 16. e5 dxe5 17. fxe5 Nd7 18. Ng4 Qc4 19. Qxc4 bxc4 20. Bxb7 Nxb7 21. Ne4 Nbc5 22. Nd6 Bxd6 23. exd6 Nb3 24. Rb1 Rxa2 25. Rd1 Rc8 26. Be3 Rc6 27. Bd4 Rxd6 28. Bc3 Rxd1+ 29. Rxd1 Ra1 30. Rxa1 Nxa1 31. Ne3 Nb3 32. Nxc4 f6 33. Kf2 Ndc5 34. Ke1 Kf7 35. Kd1 g5 36. Kc2 h5 37. Nd2 Nxd2 38. Bxd2 e5 39. b4 Nb7 40. h3 Ke6 41. Kd3 Kd5 42. g4 hxg4 43. hxg4 Nd6 44. Be1 Ke6 45. Bf2 Kd5 46. Be1 Nb5 47. Bd2 Na3 48. Be3 Nc4 49. Bf2 e4+ 50. Ke2 Ne5 51. b5 Nxg4 52. b6 Kc6 53. Bd4 f5 54. Ke1 f4 55. Ke2 Nh2 56. Kf2 Nf3 0-1

[Event "Alberta-ch"]
[Site "Edmonton CAN"]
[Date "1997.03.29"]
[Round "5"]
[White "Frialde, Arniel"]
[Black "Wu, Adam"]
[Result "1-0"]
[WhiteElo "2290"]
[BlackElo "1930"]
[PlyCount "65"]
[GameId "2160767911966234"]
[EventDate "1997.03.27"]
[EventType "tourn"]
[EventRounds "7"]
[EventCountry "CAN"]

1. Nf3 Nf6 2. d4 g6 3. Bf4 Bg7 4. h3 O-O 5. e3 d6 6. Be2 c5 7. c3 Nc6 8. O-O a6 9. a4 Bd7 10. Nbd2 cxd4 11. exd4 Nd5 12. Bh2 e5 13. Nc4 Be6 14. dxe5 dxe5 15. Ncxe5 Re8 16. Nc4 Qe7 17. Re1 Rad8 18. Qc1 b5 19. axb5 axb5 20. Na5 Nxa5 21. Rxa5 b4 22. c4 Nb6 23. c5 Rc8 24. Bd6 Qxd6 25. cxd6 Rxc1 26. Rxc1 Bxb2 27. Rc6 Nd7 28. Bc4 Bf5 29. Rc7 Bc3 30. Raa7 Re4 31. Bd3 b3 32. Rxc3 Rb4 33. Bxf5 1-0

[Event "Alberta-ch"]
[Site "Edmonton CAN"]
[Date "1997.03.29"]
[Round "5"]
[White "Odachowski, Arthur"]
[Black "Grumic, Sasha"]
[Result "1-0"]
[WhiteElo "2250"]
[BlackElo "2245"]
[PlyCount "107"]
[GameId "2160767911966235"]
[EventDate "1997.03.27"]
[EventType "tourn"]
[EventRounds "7"]
[EventCountry "CAN"]

1. d4 Nf6 2. c4 g6 3. Nc3 Bg7 4. e4 d6 5. Nf3 O-O 6. Be2 e5 7. O-O Nc6 8. d5 Ne7 9. Ne1 Ne8 10. Nd3 c5 11. f4 b6 12. fxe5 dxe5 13. b4 Nd6 14. bxc5 bxc5 15. Nxc5 Qa5 16. N3a4 f5 17. Bd3 fxe4 18. Rxf8+ Bxf8 19. Nxe4 Nef5 20. Bd2 Qc7 21. Rc1 Nxe4 22. Bxe4 Nd6 23. Qc2 Bd7 24. Nb2 Qc5+ 25. Kh1 Rc8 26. Bd3 Bg7 27. Nd1 e4 28. Bxe4 Ba4 29. Qd3 Re8 30. Be3 Qa5 31. Nf2 Bd7 32. Bf3 Bh6 33. Bxh6 Re1+ 34. Qf1 Rxf1+ 35. Rxf1 Nxc4 36. Ne4 Bf5 37. d6 Ne5 38. Bd1 Qb5 39. Bb3+ Kh8 40. Rc1 a5 41. Bg5 Kg7 42. Rc7+ Nd7 43. Bf6+ Kh6 44. Bg5+ Kh5 45. Bd1+ Bg4 46. h3 Bxd1 47. Rxd7 h6 48. Rh7 Qf1+ 49. Kh2 Qf8 50. Rxh6+ Qxh6 51. Bxh6 Ba4 52. Nf6+ Kxh6 53. d7 Bxd7 54. Nxd7 1-0

[Event "Alberta-ch"]
[Site "Edmonton CAN"]
[Date "1997.03.29"]
[Round "5"]
[White "Ristovic, Nenad"]
[Black "Haessel, Dale"]
[Result "1/2-1/2"]
[WhiteElo "2340"]
[BlackElo "2300"]
[PlyCount "74"]
[GameId "2160767911966236"]
[EventDate "1997.03.27"]
[EventType "tourn"]
[EventRounds "7"]
[EventCountry "CAN"]

1. d4 Nf6 2. c4 e6 3. Nc3 Bb4 4. Nf3 b6 5. Bg5 h6 6. Bh4 Bb7 7. e3 Bxc3+ 8. bxc3 d6 9. Nd2 Nbd7 10. f3 e5 11. Bd3 Qe7 12. Bf2 Nf8 13. Qc2 Ne6 14. O-O O-O 15. Rfc1 g6 16. Bh4 g5 17. Bf2 Nd7 18. Nf1 Ng7 19. Ng3 Bc8 20. Be4 Rb8 21. Nf5 Qe6 22. Nxg7 Kxg7 23. Qa4 a5 24. Bd5 Qe7 25. e4 c5 26. Rab1 Bb7 27. Bxb7 Rxb7 28. Rb2 Rd8 29. Rd1 Rbb8 30. Rbd2 Nf8 31. Qc6 Rdc8 32. Qb5 Rd8 33. dxe5 dxe5 34. Rd5 Qc7 35. Bg3 f6 36. h3 Rxd5 37. Rxd5 Rd8 1/2-1/2

[Event "Alberta-ch"]
[Site "Edmonton CAN"]
[Date "1997.03.29"]
[Round "5"]
[White "Walker, Warrick"]
[Black "Huber, Gregory"]
[Result "0-1"]
[WhiteElo "1970"]
[BlackElo "2360"]
[PlyCount "38"]
[GameId "2160767911966237"]
[EventDate "1997.03.27"]
[EventType "tourn"]
[EventRounds "7"]
[EventCountry "CAN"]

1. e4 c5 2. d4 cxd4 3. c3 dxc3 4. Nxc3 Nc6 5. Nf3 d6 6. Bc4 Qc7 7. O-O Nf6 8. Bf4 Bg4 9. Qb3 e6 10. Nb5 Qb8 11. Ng5 a6 12. Nxd6+ Bxd6 13. Bxd6 Qxd6 14. Qxb7 O-O 15. Nxf7 Qc5 16. Rac1 Na5 17. Nh6+ gxh6 18. Bxe6+ Bxe6 19. Qxa8 Qb6 0-1

[Event "Alberta-ch"]
[Site "Edmonton CAN"]
[Date "1997.03.20"]
[Round "6"]
[White "Huber, Gregory"]
[Black "Frialde, Arniel"]
[Result "1-0"]
[WhiteElo "2360"]
[BlackElo "2290"]
[PlyCount "107"]
[GameId "2160767911966238"]
[EventDate "1997.03.27"]
[EventType "tourn"]
[EventRounds "7"]
[EventCountry "CAN"]

1. e4 g6 2. d4 Bg7 3. Nc3 c6 4. Nf3 d6 5. Be2 Nf6 6. O-O O-O 7. a4 a5 8. h3 Na6 9. Be3 Qc7 10. Qc1 Nb4 11. Nd2 d5 12. e5 Ne8 13. Na2 c5 14. Nxb4 axb4 15. c3 bxc3 16. bxc3 c4 17. Bf3 e6 18. Qb2 Bd7 19. Rfb1 Bc6 20. Qb4 Qa5 21. Bg5 Qxb4 22. Rxb4 f6 23. exf6 Nxf6 24. Re1 Rfe8 25. Bd1 Kf7 26. Bc2 Bf8 27. Rbb1 Bd6 28. Nf3 Nd7 29. Bh4 Kg7 30. Ng5 e5 31. Bg3 Bb8 32. dxe5 Bxe5 33. Bxe5+ Nxe5 34. f4 Nd7 35. Ne6+ Kf6 36. Nc7 Rxe1+ 37. Rxe1 Rc8 38. Ne8+ Rxe8 39. Rxe8 Nb6 40. Rf8+ Ke7 41. Rh8 h5 42. a5 Nd7 43. Bxg6 Nc5 44. Rh7+ Kd6 45. Bc2 Nb3 46. Rh6+ Kc5 47. Rxh5 Nxa5 48. f5 Kd6 49. Rh6+ Ke7 50. g4 Nb3 51. g5 d4 52. f6+ Kf8 53. g6 Bd5 54. Rh8+ 1-0

[Event "Alberta-ch"]
[Site "Edmonton CAN"]
[Date "1997.03.30"]
[Round "6"]
[White "Haessel, Dale"]
[Black "Grumic, Sasha"]
[Result "0-1"]
[WhiteElo "2300"]
[BlackElo "2245"]
[PlyCount "92"]
[GameId "2160767911966239"]
[EventDate "1997.03.27"]
[EventType "tourn"]
[EventRounds "7"]
[EventCountry "CAN"]

1. e4 g6 2. d4 Bg7 3. Nc3 d6 4. Nge2 Nf6 5. g3 O-O 6. Bg2 c5 7. dxc5 dxc5 8. Be3 Na6 9. h3 Qa5 10. O-O Rd8 11. Qc1 Be6 12. Bd2 Qb6 13. Nf4 Bc4 14. Re1 Nc7 15. b3 Ba6 16. e5 Nfe8 17. Na4 Qb5 18. c4 Qd7 19. Bc3 Bxc4 20. Nxc5 Qb5 21. Nxb7 Bd5 22. Nxd8 Bxg2 23. Kxg2 Rxd8 24. Qc2 Qc6+ 25. Kg1 Nb5 26. Rac1 Rc8 27. Re3 g5 28. Ne2 Qe6 29. Kh2 Nxc3 30. Nxc3 Bxe5 31. Qe2 f6 32. f4 gxf4 33. Rxe5 fxg3+ 34. Kxg3 Qxe5+ 35. Qxe5 fxe5 36. Kf3 Kf7 37. Ke3 Ke6 38. Kd3 Nd6 39. Rg1 Rf8 40. Ke3 Rf4 41. Rg8 Rh4 42. a4 Rxh3+ 43. Kd2 Rh2+ 44. Kc1 Nf5 45. b4 Nd4 46. b5 Rc2+ 0-1

[Event "Alberta-ch"]
[Site "Edmonton CAN"]
[Date "1997.03.30"]
[Round "6"]
[White "Ristovic, Nenad"]
[Black "Walker, Warrick"]
[Result "1-0"]
[WhiteElo "2340"]
[BlackElo "1970"]
[PlyCount "81"]
[GameId "2160767911966240"]
[EventDate "1997.03.27"]
[EventType "tourn"]
[EventRounds "7"]
[EventCountry "CAN"]

1. d4 Nf6 2. c4 c5 3. d5 e6 4. Nc3 exd5 5. cxd5 d6 6. g3 g6 7. Bg2 Bg7 8. Nf3 O-O 9. O-O Na6 10. Nd2 Nc7 11. a4 b6 12. Rb1 Nh5 13. Qc2 Na6 14. Na2 Qe7 15. Nc4 f5 16. h3 f4 17. g4 Bd4 18. e3 f3 19. exd4 fxg2 20. Kxg2 Bxg4 21. hxg4 Qh4 22. Qd1 Rf4 23. Bxf4 Nxf4+ 24. Kf3 Nxd5 25. Ke4 Re8+ 26. Kd3 cxd4 27. b4 Nf4+ 28. Kc2 Re2+ 29. Kb3 Qh3+ 30. f3 Qg2 31. Rb2 d3 32. Nc1 d5 33. Nd2 Nc7 34. Rh1 Nce6 35. Nxe2 dxe2 36. Qg1 Nd4+ 37. Kc3 e1=Q 38. Qxe1 Nfe2+ 39. Kd3 Nxf3 40. Nxf3 Qxf3+ 41. Kd2 1-0

[Event "Alberta-ch"]
[Site "Edmonton CAN"]
[Date "1997.03.30"]
[Round "6"]
[White "Wu, Adam"]
[Black "Odachowski, Arthur"]
[Result "1/2-1/2"]
[WhiteElo "1930"]
[BlackElo "2250"]
[PlyCount "113"]
[GameId "2160767911966241"]
[EventDate "1997.03.27"]
[EventType "tourn"]
[EventRounds "7"]
[EventCountry "CAN"]

1. e4 d6 2. d4 g6 3. c4 Bg7 4. Nc3 Nf6 5. f3 O-O 6. Be3 Nbd7 7. Qd2 c5 8. d5 a6 9. a4 Qa5 10. Bd3 Ne5 11. Nge2 e6 12. O-O exd5 13. exd5 Re8 14. Ng3 Qb4 15. Nge4 Nxe4 16. fxe4 Nxc4 17. Bxc4 Qxc4 18. Qf2 f5 19. g4 Bxc3 20. bxc3 Rxe4 21. Bf4 Bd7 22. Bxd6 Rxg4+ 23. Bg3 Qxd5 24. Rad1 Qe6 25. Rfe1 Re4 26. Rxe4 fxe4 27. Rd6 e3 28. Qe2 Qg4 29. Qxe3 Re8 30. Qd2 Bc6 31. Rd8 Qe4 32. Rxe8+ Qxe8 33. Qf4 Qe4 34. Qxe4 Bxe4 35. a5 Kf7 36. Bd6 c4 37. Kf2 Ke6 38. Bg3 Bc6 39. Ke3 Kd5 40. Bb8 b6 41. axb6 a5 42. Kd2 a4 43. Kc2 Kc5 44. Bc7 g5 45. Kb2 Kb5 46. Ka3 h6 47. Kb2 h5 48. Ka2 g4 49. Kb2 h4 50. Ka2 Bb7 51. Kb2 Kc5 52. Ka3 Bc6 53. Kb2 Kd5 54. Ka3 Ke4 55. Kb4 Kd3 56. Be5 Kc2 57. Ka3 1/2-1/2